[Event "SEMI A005 corr"]
[Site "SEMI email"]
[Date "1999.??.??"]
[Round "?"]
[White "Mione, Dario"]
[Black "Simpson, Alastair"]
[Result "1-0"]
[WhiteElo "2303"]
[BlackElo "2150"]
[PlyCount "41"]
[EventDate "1999.12.06"]
[EventType "tourn (corr)"]
[EventRounds "6"]
[EventCountry "ITA"]
[SourceTitle "Corr 2002"]
[Source "ChessBase"]
[SourceDate "2002.05.23"]
[SourceVersion "1"]
[SourceVersionDate "2002.05.23"]
[SourceQuality "1"]

1. e4 c5 2. Nf3 d6 3. Bb5+ Bd7 4. Bxd7+ Qxd7 5. c4 g6 6. d4 Bg7 7. Nc3 cxd4 8. Nxd4 Nf6 9. 0-0 0-0 10. f3 Nc6 11. Be3 Rfc8 12. b3 Ne8 13. Qd2 Nc7 14. Nxc6 Qxc6 15. Rac1 b5 16. cxb5 Nxb5 17. Nd5 Qd7 18. Bg5 Bf8 19. Qa5 Nd4 20. Qa6 Ne6 21. Bxe7 1-0

[Event "SEMI A005 corr"]
[Site "SEMI email"]
[Date "1999.??.??"]
[Round "?"]
[White "Simpson, Alastair"]
[Black "Doktor, Pavel"]
[Result "0-1"]
[WhiteElo "2150"]
[BlackElo "2080"]
[PlyCount "30"]
[EventDate "1999.12.06"]
[EventType "tourn (corr)"]
[EventRounds "6"]
[EventCountry "ITA"]
[SourceTitle "Corr 2002"]
[Source "ChessBase"]
[SourceDate "2002.05.23"]
[SourceVersion "1"]
[SourceVersionDate "2002.05.23"]
[SourceQuality "1"]

1. e4 e6 2. d4 d5 3. Nc3 Bb4 4. Nge2 dxe4 5. a3 Be7 6. Nxe4 Nf6 7. N2g3 0-0 8. c3 Nc6 9. Bd3 e5 10. Nxf6+ Bxf6 11. d5 Ne7 12. c4 g6 13. Bh6 Re8 14. 0-0 c6 15. Ne4 Bh8 0-1

[Event "SEMI A005 corr"]
[Site "SEMI email"]
[Date "1999.??.??"]
[Round "?"]
[White "Simpson, Alastair"]
[Black "Ivanov, Hristo V"]
[Result "0-1"]
[WhiteElo "2150"]
[BlackElo "2099"]
[PlyCount "36"]
[EventDate "1999.12.06"]
[EventType "tourn (corr)"]
[EventRounds "6"]
[EventCountry "ITA"]
[SourceTitle "Corr 2002"]
[Source "ChessBase"]
[SourceDate "2002.05.23"]
[SourceVersion "1"]
[SourceVersionDate "2002.05.23"]
[SourceQuality "1"]

1. e4 c5 2. Nf3 Nc6 3. d4 cxd4 4. Nxd4 Nf6 5. Nc3 e5 6. Ndb5 d6 7. Nd5 Nxd5 8. exd5 Nb8 9. c4 Be7 10. Be2 a6 11. Nc3 0-0 12. 0-0 f5 13. b4 Nd7 14. Qb3 Kh8 15. Ba3 a5 16. Nb5 axb4 17. Bxb4 Nc5 18. Bxc5 dxc5 0-1